Republic of Congo : Staff Report-Press Release; Staff Report; Debt Sustainability Analysis, and Statement by the Executive Director for the Republic of Congo.

The Republic of Congo was hit hard by the oil price shock and delayed fiscal adjustment, amidst governance challenges and unsustainable debt. While program negotiations were long and complex, the authorities made decisive progress in 2018 and early 2019 with decisive fiscal consolidation, and the im...

وصف كامل

التفاصيل البيبلوغرافية
مؤلف مشترك: International Monetary Fund. African Dept
التنسيق: دورية
اللغة:English
منشور في: Washington, D.C. : International Monetary Fund, 2019.
سلاسل:IMF Staff Country Reports; Country Report ; No. 2019/244
الوصول للمادة أونلاين:Full text available on IMF
LEADER 01831cas a2200253 a 4500
001 AALejournalIMF016018
008 230101c9999 xx r poo 0 0eng d
020 |c 5.00 USD 
020 |z 9781513518510 
022 |a 1934-76851 
040 |a BD-DhAAL  |c BD-DhAAL 
110 2 |a International Monetary Fund.  |b African Dept. 
240 1 0 |a Republic of Congo: Staff Report-Press Release; Staff Report; Debt Sustainability Analysis, and Statement by the Executive Director for the Republic of Congo.  |l French 
245 1 0 |a Republic of Congo :   |b Staff Report-Press Release; Staff Report; Debt Sustainability Analysis, and Statement by the Executive Director for the Republic of Congo. 
264 1 |a Washington, D.C. :  |b International Monetary Fund,  |c 2019. 
300 |a 1 online resource (175 pages) 
490 1 |a IMF Staff Country Reports 
500 |a <strong>Off-Campus Access:</strong> No User ID or Password Required 
500 |a <strong>On-Campus Access:</strong> No User ID or Password Required 
506 |a Electronic access restricted to authorized BRAC University faculty, staff and students 
520 3 |a The Republic of Congo was hit hard by the oil price shock and delayed fiscal adjustment, amidst governance challenges and unsustainable debt. While program negotiations were long and complex, the authorities made decisive progress in 2018 and early 2019 with decisive fiscal consolidation, and the implementation of a large package of structural reforms, including two rounds of prior actions to improve governance and transparency. In addition, financing assurances have been secured. 
538 |a Mode of access: Internet 
830 0 |a IMF Staff Country Reports; Country Report ;  |v No. 2019/244 
856 4 0 |z Full text available on IMF  |u http://elibrary.imf.org/view/journals/002/2019/244/002.2019.issue-244-fr.xml  |z IMF e-Library